000 00616nam a22002057a 4500
005 20251108170606.0
008 250721s1997 xx 000 0 ara d
082 1 4 _aط/307.76/شار
100 1 _aالشاروني، يعقوب
_eمؤدي
245 1 0 _aالمدن /
264 1 _aالقاهرة :
_bشركة سفير،
_c1997.
300 _a32ص.
490 0 _aفي كل زمان و مكان ؛2
650 1 7 _aالمجتمعات الحضرية
650 1 7 _aالمدن
653 _aنااشئون صغار ( 10 - 14 سنة )
700 1 _aزهير، شريف
_eرسم
942 _2ddc
_cBK
999 _c44289
_d44289